<?xml version="1.0" encoding="UTF-8"?>
<record
    xmlns:xsi="http://www.w3.org/2001/XMLSchema-instance"
    xsi:schemaLocation="http://www.loc.gov/MARC21/slim http://www.loc.gov/standards/marcxml/schema/MARC21slim.xsd"
    xmlns="http://www.loc.gov/MARC21/slim">

  <leader>00936nam a22002417a 4500</leader>
  <controlfield tag="003">OSt</controlfield>
  <controlfield tag="005">20210420152337.0</controlfield>
  <controlfield tag="008">200902b           || 00| 0 spa dr</controlfield>
  <datafield tag="040" ind1=" " ind2=" ">
    <subfield code="a">DO-SdBNP</subfield>
    <subfield code="b">spa</subfield>
    <subfield code="c">BNPHU</subfield>
  </datafield>
  <datafield tag="082" ind1=" " ind2="4">
    <subfield code="2"> LEMB</subfield>
    <subfield code="a">928.61</subfield>
    <subfield code="b">B644b</subfield>
  </datafield>
  <datafield tag="100" ind1="1" ind2=" ">
    <subfield code="a">Berenguer, Magali</subfield>
    <subfield code="9">76579</subfield>
    <subfield code="4"> </subfield>
  </datafield>
  <datafield tag="245" ind1="1" ind2="3">
    <subfield code="a">Un novelista espa&#xF1;ol : </subfield>
    <subfield code="b">Vicente Basco Ib&#xE1;&#xF1;ez /</subfield>
    <subfield code="c">Magali Berenguer, Javier Aiguebella, Joaqu&#xED;n Lled&#xF3; ; coordinaci&#xF3;n Reina Torres</subfield>
  </datafield>
  <datafield tag="260" ind1=" " ind2=" ">
    <subfield code="a">Santo Domingo :</subfield>
    <subfield code="c">2006</subfield>
    <subfield code="b">Centro Cultural de Espa&#xF1;a,</subfield>
  </datafield>
  <datafield tag="300" ind1=" " ind2=" ">
    <subfield code="a">63 p. :</subfield>
    <subfield code="b">il., retr. ;</subfield>
    <subfield code="e">26 cm</subfield>
  </datafield>
  <datafield tag="500" ind1=" " ind2=" ">
    <subfield code="a">Exposici&#xF3;n del 24 de octubre al 12 de diciembre de 2006</subfield>
  </datafield>
  <datafield tag="600" ind1=" " ind2=" ">
    <subfield code="a"> Blasco Iba&#xF1;ez, Vicente, </subfield>
    <subfield code="d">1867-1928 </subfield>
    <subfield code="v">Biograf&#xED;as </subfield>
    <subfield code="9">76580</subfield>
  </datafield>
  <datafield tag="650" ind1=" " ind2="7">
    <subfield code="a"> Autores espa&#xF1;oles </subfield>
    <subfield code="9">632</subfield>
    <subfield code="v">Exposiciones </subfield>
    <subfield code="y">Siglo XX</subfield>
  </datafield>
  <datafield tag="650" ind1=" " ind2="7">
    <subfield code="a"> </subfield>
    <subfield code="v"> </subfield>
    <subfield code="9">76584</subfield>
  </datafield>
  <datafield tag="700" ind1=" " ind2=" ">
    <subfield code="a"> Lled&#xF3;, Joaqu&#xED;n </subfield>
    <subfield code="9">76581</subfield>
  </datafield>
  <datafield tag="700" ind1=" " ind2=" ">
    <subfield code="a"> Javier, Joaqu&#xED;n </subfield>
    <subfield code="9">76582</subfield>
  </datafield>
  <datafield tag="700" ind1=" " ind2=" ">
    <subfield code="a">Torres Aiguebella, Reina  </subfield>
    <subfield code="e">coor.</subfield>
    <subfield code="9">76583</subfield>
  </datafield>
  <datafield tag="942" ind1=" " ind2=" ">
    <subfield code="2">ddc</subfield>
    <subfield code="c">LF1</subfield>
  </datafield>
  <datafield tag="952" ind1=" " ind2=" ">
    <subfield code="0">0</subfield>
    <subfield code="1">0</subfield>
    <subfield code="2">ddc</subfield>
    <subfield code="7">2</subfield>
    <subfield code="8">MO</subfield>
    <subfield code="a">BNPHU</subfield>
    <subfield code="b">BNPHU</subfield>
    <subfield code="d">2020-09-02</subfield>
    <subfield code="e">Deposito legal </subfield>
    <subfield code="l">0</subfield>
    <subfield code="p">2020-0042</subfield>
    <subfield code="r">2020-09-02</subfield>
    <subfield code="t">e.2</subfield>
    <subfield code="w">2020-09-02</subfield>
    <subfield code="y">LF1</subfield>
  </datafield>
  <datafield tag="952" ind1=" " ind2=" ">
    <subfield code="0">0</subfield>
    <subfield code="1">0</subfield>
    <subfield code="2">ddc</subfield>
    <subfield code="5">0</subfield>
    <subfield code="7">0</subfield>
    <subfield code="8">MO</subfield>
    <subfield code="a">BNPHU</subfield>
    <subfield code="b">BNPHU</subfield>
    <subfield code="d">2020-09-02</subfield>
    <subfield code="e">Deposito legal </subfield>
    <subfield code="l">0</subfield>
    <subfield code="p">2020-0041</subfield>
    <subfield code="r">2020-09-02</subfield>
    <subfield code="w">2020-09-02</subfield>
    <subfield code="y">LF1</subfield>
  </datafield>
  <datafield tag="952" ind1=" " ind2=" ">
    <subfield code="0">0</subfield>
    <subfield code="1">0</subfield>
    <subfield code="2">ddc</subfield>
    <subfield code="5">0</subfield>
    <subfield code="7">0</subfield>
    <subfield code="8">MO</subfield>
    <subfield code="a">BNPHU</subfield>
    <subfield code="b">BNPHU</subfield>
    <subfield code="d">2020-09-02</subfield>
    <subfield code="e">Deposito legal </subfield>
    <subfield code="l">0</subfield>
    <subfield code="p">2020-0043</subfield>
    <subfield code="r">2020-09-02</subfield>
    <subfield code="t">e.3</subfield>
    <subfield code="w">2020-09-02</subfield>
    <subfield code="y">LF1</subfield>
  </datafield>
  <datafield tag="999" ind1=" " ind2=" ">
    <subfield code="c">48803</subfield>
    <subfield code="d">48803</subfield>
  </datafield>
</record>
